[Event "7th Malaysia Open"]
[Site "Kuala Lumpur MAS"]
[Date "2010.09.01"]
[Round "1"]
[White "Tan,Ju2"]
[Black "Neelotpal,D"]
[Result "0-1"]
[WhiteElo "2052"]
[BlackElo "2454"]

1.e4 c5 2.Nf3 e6 3.d4 cxd4 4.Nxd4 a6 5.Bd3 Bc5 6.Nb3 Ba7 7.Qg4 Nf6 8.Qg3 d6
9.Nc3 Nc6 10.Bg5 h6 11.Bd2 Nh5 12.Qf3 Qh4 13.g3 Ne5 14.Qe2 Qg4 15.O-O-O Qf3
16.Qxf3 Nxf3 17.Be2 Nxd2 18.Kxd2 Nf6 19.f4 b5 20.e5 dxe5 21.fxe5 Nd7 22.Bf3 Rb8
23.Rhe1 Bb7 24.Bxb7 Rxb7 25.Ne4 Ke7 26.Nd6 Rb6 27.c4 bxc4 28.Nxc4 Rb5 29.Kc3 Rc8
30.a4 Rd5 31.Kb4 Nc5 32.Nxc5 Bxc5+ 33.Kc3 a5 34.Kc2 Bg1 35.b3 Bxh2 36.Re3 Rxd1
37.Kxd1 Ra8 38.Rc3 f6 39.Nb6 Rd8+ 40.Ke2 fxe5 41.Kf1 Rd1+ 42.Kg2 Bg1 43.Rc7+ Kf6
44.Nd7+ Kf5 45.g4+ Ke4 46.Nf8 Be3 47.Nxe6 Rg1+ 48.Kh2 Rxg4 49.Nxg7 Rg6 50.Nh5 Kf3
51.Rc3 Rg5 52.Nf6 Rf5 53.Rc6 e4 54.Rd6 Bf4+  0-1

[Event "7th Malaysia Open"]
[Site "Kuala Lumpur MAS"]
[Date "2010.09.02"]
[Round "3"]
[White "Soon,W"]
[Black "Jia,H"]
[Result "1/2-1/2"]
[WhiteElo "2081"]
[BlackElo "2373"]

1.e4 c5 2.Nf3 e6 3.d4 cxd4 4.Nxd4 a6 5.Bd3 Nf6 6.O-O Qc7 7.c4 Nc6 8.Nb3 d6
9.Nc3 Ne5 10.Qe2 Be7 11.f4 Nxd3 12.Qxd3 O-O 13.Kh1 b6 14.Nd4 Bb7 15.b3 Rfe8
16.f5 e5 17.Nde2 b5 18.cxb5 axb5 19.Bg5 Nxe4 20.Bxe7 Nxc3 21.Nxc3 Qxe7 22.f6 gxf6
23.Rf5 e4 24.Qe3 Kh8 25.Nxb5 Rg8 26.a4 Rg6 27.a5 Ba6 28.Nd4 Rag8 29.Rg1 Qb7
30.Rh5 Rg5 31.Rh4 R8g7 32.Rxe4 Rg8 33.Nf3 Rf5 34.Rh4 Qa8 35.Rf4 Qd5 36.b4 Bb7
37.Rxf5 Qxf5 38.Qe2 Be4 39.Rd1 Rb8 40.Nd4 Qe5 41.b5 f5 42.a6 Qc5 43.Qb2 Kg8
44.Rc1 Qb6 45.Qc3 Re8 46.h3 Re5 47.Qg3+ Kf8 48.Rc8+ Ke7 49.Qg5+ Kd7 50.Rc4 Bd5
51.Rb4 Qa5 52.Qd2 Qa1+ 53.Kh2 h5 54.Nc2 Qa2 55.Rd4 Ke6 56.Nb4 Qxd2 57.Rxd2 Ba8
58.b6 Rb5 59.b7 Bxb7 60.Re2+ Kd7 61.axb7 Rxb4 62.Rf2 Rxb7 63.Rxf5 Kc6 64.Rxh5 Re7
65.Kg3 d5 66.Kf3 Kc5 67.Rh8 Kd4 68.Rc8 Ke5 69.g4 Ra7 70.Re8+ Kf6 71.Re3 d4
72.Re4 Ra3+ 73.Kf4 Rxh3 74.Rxd4  1/2-1/2

[Event "ch-RUS Higher League w"]
[Site "St Petersburg RUS"]
[Date "2010.09.03"]
[Round "9"]
[White "Stjazhkina,O"]
[Black "Kindinova,E"]
[Result "1-0"]
[WhiteElo "2273"]
[BlackElo "2185"]

1.e4 c5 2.Nf3 e6 3.d4 cxd4 4.Nxd4 a6 5.Bd3 Qb6 6.Nb3 Qc7 7.O-O Nf6 8.f4 d6
9.Nc3 b5 10.Qe2 Nbd7 11.a3 Be7 12.Bd2 Nb6 13.Rae1 Nc4 14.Bc1 Bb7 15.Kh1 Rc8
16.e5 Nd7 17.exd6 Nxd6 18.f5 e5 19.Qg4 Bf6 20.Bg5 O-O 21.Re3 e4 22.Be2 Qd8
23.h4 Ne5 24.Qf4 Ndc4 25.Bxc4 Nxc4 26.Rd1 Qc7 27.Qg4 Bxg5 28.Qxg5 f6 29.Qg3 Nxe3
30.Qxe3 Rfd8 31.Nd4 Qe5 32.Rd2 Qc5 33.Nce2 Rc7 34.c3 Rcd7 35.Nf4 Qc4 36.Kh2 a5
37.Qg3 b4 38.axb4 axb4 39.Nde6 Qc8 40.Nh5 Kh8 41.Nxd8 Qxd8 42.Qxg7+ Rxg7
43.Rxd8+ Rg8 44.Rxg8+ Kxg8 45.Nxf6+ Kf7 46.Nxh7 bxc3 47.bxc3 e3 48.Kg1 e2
49.Kf2 Bxg2 50.Kxe2 Kg7 51.Ng5 Kf6 52.Nf3 Kxf5 53.Kf2 Bh3 54.Kg3 Bf1 55.Nd2 Bd3
56.c4 Be2 57.c5 Ke5 58.Nb3 Bd1 59.Na5 Kd5 60.c6 Kd6  1-0

[Event "ch-RUS Higher League"]
[Site "Irkutsk RUS"]
[Date "2010.09.04"]
[Round "9"]
[White "Grigoriants,S RUS"]
[Black "Bocharov,D"]
[Result "1/2-1/2"]
[WhiteElo "2564"]
[BlackElo "2618"]

1.e4 c5 2.Nf3 e6 3.d4 cxd4 4.Nxd4 a6 5.Bd3 Nf6 6.O-O Qc7 7.Qe2 d6 8.c4 Nbd7
9.Nc3 g6 10.Rd1 Bg7 11.Nf3 O-O 12.Bf4 Ng4 13.Rac1 Nge5 14.b3 b6 15.Bb1 Nxf3+
16.Qxf3 Ne5 17.Qe3 Rd8 18.h3 Rb8 19.Bg5 f6 20.Bh4 g5 21.Bg3 Bd7 22.Ne2 Be8
23.Nd4 Qe7 24.Qd2 Bf8 25.Qe1 b5 26.cxb5 axb5 27.Qa5 Ra8 28.Qb6 Rab8 29.Qa5 Ra8
30.Qb6 Rab8  1/2-1/2

[Event "7th Malaysia Open"]
[Site "Kuala Lumpur MAS"]
[Date "2010.09.04"]
[Round "6"]
[White "Ashwin,J"]
[Black "Jia,H"]
[Result "1/2-1/2"]
[WhiteElo "2431"]
[BlackElo "2373"]

1.e4 c5 2.Nf3 e6 3.d4 cxd4 4.Nxd4 a6 5.Bd3 Nf6 6.O-O Qc7 7.Qe2 d6 8.c4 Nbd7
9.f4 Be7 10.Nc3 b6 11.Kh1 Bb7 12.f5 e5 13.Nc2 Nc5 14.Bg5 O-O 15.Ne3 Rfc8
16.Bc2 Ncd7 17.Ba4 Nc5 18.Bc2 Ncd7 19.Ba4 Nc5 20.Bxf6 Bxf6 21.Bc2 Qd8 22.Ned5 b5
23.b4 Nd7 24.cxb5 axb5 25.Bd3 Nb6 26.Bxb5 Nxd5 27.Nxd5 Bxd5 28.exd5 Ra3 29.Bc6 e4
30.Rad1 Rc7 31.Qxe4 Re7 32.Qc2 Qb6 33.Qf2 Ree3 34.Rde1 Bd4 35.f6 gxf6 36.Rxe3 Rxe3
37.Re1 Re5 38.Qg3+ Kf8 39.Rb1 Qa6 40.a4 Qe2 41.Bb5 Qd2 42.h3 Rg5 43.Qf3 Be5
44.Rf1 Qxb4 45.Qd3 Rg3 46.Rf3 Rxf3 47.Qxf3 Qe1+ 48.Bf1 Ke7 49.Qd3 h5 50.g3 Qf2
51.a5 Kf8 52.Qe2 Qxg3 53.a6 Bd4 54.Bg2 f5 55.Qf3 Qe1+ 56.Qf1 Qe3 57.Bf3 h4
58.Kg2 Qg5+ 59.Kh1 Qe3 60.Bg2 f4 61.Bf3 f5 62.Kg2 Kf7 63.Kh1 Kf6 64.Kg2 Qd2+
65.Qe2 Qe3 66.Qf1 Ke5 67.Qe2 Qxe2+ 68.Bxe2 Kxd5 69.Kf3 Ke5 70.Bd3 Bc5  1/2-1/2

[Event "ch-RUS Higher League"]
[Site "Irkutsk RUS"]
[Date "2010.09.05"]
[Round "10"]
[White "Najer,E"]
[Black "Novikov,St1"]
[Result "1/2-1/2"]
[WhiteElo "2672"]
[BlackElo "2558"]

1.e4 c5 2.Nf3 e6 3.d4 cxd4 4.Nxd4 a6 5.Bd3 Ne7 6.O-O Nbc6 7.Nb3 Ng6 8.f4 Be7
9.Be3 d5 10.exd5 exd5 11.c3 O-O 12.N1d2 Nh4 13.Bf2 g6 14.Re1 Qc7 15.Nf3 Nf5
16.Qd2 Rd8 17.Nbd4 Nd6 18.Kh1 Bf6 19.Bh4 Bxh4 20.Nxh4 Nxd4 21.cxd4 Qb6 22.Qf2 f5
23.Nf3 Ne4 24.Qh4 Bd7 25.g4 Re8 26.Ng5 Nxg5 27.Qxg5 Qxd4 28.Bxf5 Rxe1+ 29.Rxe1 Qf2
30.Qe7 Qf3+ 31.Kg1 Bxf5 32.gxf5 Qg4+ 33.Kh1 Qf3+ 34.Kg1 Qg4+ 35.Kh1 Qf3+  1/2-1/2

[Event "WCh w Blitz Semi-Final"]
[Site "Moscow RUS"]
[Date "2010.09.15"]
[Round "9"]
[White "Pogonina,N"]
[Black "Ambartsumova,K"]
[Result "1-0"]
[WhiteElo "2491"]
[BlackElo "2302"]

1.e4 c5 2.Nf3 e6 3.d4 cxd4 4.Nxd4 a6 5.Bd3 Qc7 6.O-O Nf6 7.Nc3 Nc6 8.Nb3 b5
9.f4 d6 10.Qf3 Bb7 11.Be3 Be7 12.Qg3 O-O 13.a4 b4 14.Nd1 Rac8 15.a5 e5 16.f5 d5
17.Bh6 g6 18.Bxf8 Rxf8 19.exd5 Nxd5 20.Ne3 Nf4 21.Ng4 Kg7 22.f6+ Bxf6 23.Nxf6 Kxf6
24.Qe3 Kg7 25.Nc5 Ba8 26.Nxa6 Qe7 27.Rae1 Qg5 28.Qg3 Qd8 29.Be4 Qxa5 30.Kh1 Qxa6
31.Ra1 Qb6 32.Rfe1 Bb7 33.Bf3 f6 34.Be4 Nd4 35.Bxb7 Qxb7 36.Qf2 Rc8 37.Rac1 Nde6
38.Red1 Rc7 39.c4 b3 40.Qf3 e4 41.Qe3 f5 42.g3 Nd3 43.Ra1 Rd7 44.Kg1 Nd4
45.Kf1 Nc2 46.Qd2 Nxa1 47.Rxa1 Qb6 48.Kg2 Qc6 49.Qe3 Qxc4 50.Ra7 Qc2+ 51.Kh3 Qc6
52.Qd4+ Kh6 53.Qxd7  1-0

[Event "EYCC Girls U16"]
[Site "Batumi GEO"]
[Date "2010.09.20"]
[Round "1"]
[White "Stojadinov,S"]
[Black "Eid,M"]
[Result "0-1"]
[WhiteElo "1810"]
[BlackElo "2065"]

1.e4 c5 2.Nf3 e6 3.d4 cxd4 4.Nxd4 a6 5.Bd3 Qc7 6.O-O Nf6 7.Nc3 Be7 8.Be3 d6
9.f4 b5 10.a3 Bb7 11.Qd2 Ng4 12.h3 Nxe3 13.Qxe3 Nd7 14.Nb3 Nc5 15.Nxc5 dxc5
16.Kh1 c4 17.Be2 O-O 18.f5 Bc5 19.Qg5 f6 20.Qg4 Ba7 21.Qf4 Qe7 22.Bg4 Bb8
23.Qf2 exf5 24.Bxf5 g6 25.Bg4 Qe5 26.Qg1 h5 27.Bf3 Kg7 28.Rae1 Rh8 29.g4 hxg4
30.Bxg4 Bd6 31.Re2 Bc8 32.Nd5 f5 33.Bxf5 Bxf5 34.Rxf5 Rxh3+ 35.Kg2 Rg3+ 36.Kf2 gxf5  0-1

[Event "EYCC Girls U14"]
[Site "Batumi GEO"]
[Date "2010.09.21"]
[Round "2"]
[White "Fataliyeva,U"]
[Black "Liparteliani,An"]
[Result "1-0"]
[WhiteElo "1959"]
[BlackElo "1596"]

1.e4 c5 2.Nf3 e6 3.d4 cxd4 4.Nxd4 a6 5.Bd3 Qc7 6.O-O Bc5 7.Nb3 b6 8.Qg4 g6
9.Nxc5 bxc5 10.b3 d6 11.f4 Ne7 12.Bb2 e5 13.Qg5 Nd7 14.fxe5 dxe5 15.Bc4 Rf8
16.Qh6 Nb6 17.Nd2 f6 18.Qxh7 Nxc4 19.Nxc4 Be6 20.Rxf6 Bxc4 21.Rxf8+ Kxf8
22.bxc4 Rc8 23.Rf1+ Ke8 24.Qf7+ Kd7 25.Rd1+ Kc6 26.Qe6+ Kb7  1-0

[Event "EYCC Boys U12"]
[Site "Batumi GEO"]
[Date "2010.09.22"]
[Round "3"]
[White "Kourkoulos Arditis,Stamatis"]
[Black "Sanal,V"]
[Result "1-0"]
[WhiteElo "1945"]
[BlackElo "2170"]

1.e4 c5 2.Nf3 e6 3.d4 cxd4 4.Nxd4 a6 5.Bd3 Nf6 6.O-O Qc7 7.Qe2 d6 8.c4 Be7
9.Nc3 Nbd7 10.Kh1 b6 11.f4 O-O 12.b3 b5 13.Bb2 b4 14.Na4 g6 15.e5 dxe5 16.fxe5 Nh5
17.Rae1 Bh4 18.Rd1 Bg5 19.Qg4 Bf4 20.Nxe6 fxe6 21.Qxe6+ Kg7 22.Qe7+ Kh6 23.Rxf4 Rxf4
24.e6 Bb7 25.Qxd7 Qxd7 26.exd7 Rf2 27.Bf1 Rd8 28.Kg1  1-0

[Event "EYCC Girls U14"]
[Site "Batumi GEO"]
[Date "2010.09.23"]
[Round "4"]
[White "Shamatava,A"]
[Black "Liparteliani,An"]
[Result "1-0"]
[WhiteElo "1922"]
[BlackElo "1596"]

1.e4 c5 2.Nf3 e6 3.d4 cxd4 4.Nxd4 a6 5.Bd3 Qc7 6.Qe2 d6 7.O-O Be7 8.c4 Nf6
9.b3 O-O 10.Bb2 Nbd7 11.Nd2 b6 12.Kh1 Bb7 13.f4 Rfd8 14.Rae1 Nf8 15.Bb1 Rd7
16.N4f3 Ng6 17.Ng5 Rad8 18.f5 Nf8 19.fxe6 fxe6 20.Ndf3 h6 21.Nh3 e5 22.Qf2 Ne6
23.Nd2 g6 24.Qe3 Kh7 25.Rf3 Rf8 26.Ref1 Bd8 27.Qe2 Rdf7 28.R1f2 Qd7 29.a4 Ng7
30.Ng1 Bc8 31.h3 Qe8 32.Qf1 g5 33.Ba3 Qe6 34.Bd3 Ngh5 35.c5 g4 36.Re3 Rg7
37.cxd6 Qd7 38.h4 b5 39.Bc5 Qc6 40.b4 Bd7 41.axb5 axb5 42.g3 Rgf7 43.Kh2 Kg8
44.Bc2 Re8 45.Bb3 Be6 46.Bxe6 Rxe6 47.Ne2 Rxd6 48.Bxd6 Qxd6 49.Nc1 Bb6 50.Rd3 Qxb4
51.Rf5 Qe7 52.Qe2 Ng7 53.Rf1 h5 54.Rb3 Ne6 55.Qxb5 Bd4 56.Ne2 Rf8 57.Qc6 Qd7
58.Qxd7 Nxd7 59.Rxf8+ Kxf8 60.Nxd4 Nxd4 61.Rb7 Ke7 62.Kg2 Ne6 63.Kf2 Nc5
64.Ra7 Kf6 65.Ke3 Ke6 66.Ra8 Kf7  1-0

[Event "EYCC Boys U12"]
[Site "Batumi GEO"]
[Date "2010.09.24"]
[Round "6"]
[White "Kourkoulos Arditis,Stamatis"]
[Black "Ali Marandi,C"]
[Result "0-1"]
[WhiteElo "1945"]
[BlackElo "2180"]

1.e4 c5 2.Nf3 e6 3.d4 cxd4 4.Nxd4 a6 5.Bd3 g6 6.O-O Bg7 7.Nf3 Ne7 8.c4 O-O
9.Nc3 d5 10.cxd5 exd5 11.Bg5 d4 12.Nd5 f6 13.Nxe7+ Qxe7 14.Bh4 Nc6 15.Bc4+ Kh8
16.Bd5 Bg4 17.Bxc6 bxc6 18.Qxd4 Rae8 19.Rfe1 Bxf3 20.gxf3 g5 21.Qc4 gxh4
22.Qxc6 Qe5 23.Qxa6 Bh6  0-1

[Event "Highlands Open"]
[Site "Zdar nad Sazavou CZE"]
[Date "2010.09.25"]
[Round "1"]
[White "Karasek,L"]
[Black "Glacner,K"]
[Result "1-0"]
[WhiteElo "2183"]
[BlackElo "1788"]

1.e4 c5 2.Nf3 e6 3.d4 cxd4 4.Nxd4 a6 5.Bd3 d6 6.O-O b6 7.c4 Be7 8.Nc3 Nf6
9.Qe2 Qc7 10.Bd2 Nbd7 11.f4 O-O 12.Rae1 e5 13.Nf5 Bd8 14.Nd5 Nxd5 15.exd5 Nc5
16.Bb1 Bxf5 17.Bxf5 Bf6 18.b4 Nd7 19.Qd3 g6 20.Bxd7 Qxd7 21.Bc3 Rfe8 22.fxe5 Bxe5
23.Bxe5 dxe5 24.Rf6 Re6 25.Rxe6 fxe6 26.d6 Rc8 27.Rxe5 Qg7 28.Re1 Qa7 29.Qe4 Re8
30.Qc6 Rf8 31.d7 b5+ 32.c5 Qa8 33.Qxa8 Rxa8 34.Rd1 Kf7  1-0

[Event "EYCC Boys U16"]
[Site "Batumi GEO"]
[Date "2010.09.26"]
[Round "7"]
[White "Kazakos,E"]
[Black "Krzyzanowski,M"]
[Result "0-1"]
[WhiteElo "2105"]
[BlackElo "2356"]

1.e4 c5 2.Nf3 e6 3.d4 cxd4 4.Nxd4 a6 5.Bd3 Bc5 6.Nb3 Be7 7.Nc3 Qc7 8.a4 b6
9.O-O Nf6 10.Be3 d6 11.f4 Nbd7 12.Qf3 Bb7 13.Rae1 g6 14.Qe2 h5 15.Bd2 h4
16.e5 dxe5 17.fxe5 h3 18.g3 Qc6 19.Ne4 Nxe5 20.Nxf6+ Bxf6 21.Be4 Qxe4 22.Qxe4 Bxe4
23.Rxe4 Bg7 24.Bc3 Rh5 25.Kf2 Kf8 26.g4 Rg5 27.Kg3 Nd7 28.Bxg7+ Kxg7 29.Kxh3 Rh8+
30.Kg3 Nf6 31.Rc4 b5 32.axb5 axb5 33.Rb4 Re5 34.Rbf4 Ne4+ 35.Kg2 f5 36.c3 Nf6
37.gxf5 exf5 38.h3 Nd5 39.Nd4 Ne3+ 40.Kg3 Nxf1+ 41.Rxf1 Re3+ 42.Nf3 b4 43.c4 Rd8
44.c5 Re2 45.Ng5 Rd3+ 46.Kf4 Kf6 47.h4 Rd4+ 48.Kg3 Rxb2 49.Nf3 Rg4+ 50.Kh3 Rbg2
51.h5 R4g3+  0-1

[Event "EYCC Girls U14"]
[Site "Batumi GEO"]
[Date "2010.09.27"]
[Round "8"]
[White "Humphreys,J2"]
[Black "Liparteliani,An"]
[Result "1-0"]
[WhiteElo "1718"]
[BlackElo "1596"]

1.e4 c5 2.Nf3 e6 3.d4 cxd4 4.Nxd4 a6 5.Bd3 Qc7 6.O-O Nf6 7.Qe2 d6 8.c4 Be7
9.Nc3 Nbd7 10.f4 O-O 11.Bc2 Rd8 12.b3 Nf8 13.Kh1 d5 14.exd5 exd5 15.Nxd5 Nxd5
16.cxd5 Rxd5 17.Be3 Bf6 18.Rac1 Qe7 19.Qf2 Qd6 20.Nf3 Ng6 21.Rfe1 Bg4 22.h3 Be6
23.Red1 Rxd1+ 24.Rxd1 Qc6 25.f5 Bd5 26.fxg6 fxg6 27.Nd4 Bxd4 28.Bxd4 Rf8
29.Qd2 Re8 30.Qc3 Qxc3 31.Bxc3 Bc6 32.Rd2  1-0

[Event "EYCC Girls U16"]
[Site "Batumi GEO"]
[Date "2010.09.27"]
[Round "8"]
[White "Ivekovic,T"]
[Black "Eid,M"]
[Result "1/2-1/2"]
[WhiteElo "1874"]
[BlackElo "2065"]

1.e4 c5 2.Nf3 e6 3.d4 cxd4 4.Nxd4 a6 5.Bd3 Qc7 6.O-O Nf6 7.Qe2 d6 8.c4 Nbd7
9.Nc3 g6 10.Rd1 Bg7 11.Nf3 O-O 12.Bf4 Ng4 13.Rac1 Nde5 14.b3 b6 15.Bb1 Bb7
16.Qd2 Nxf3+ 17.gxf3 Ne5 18.Qxd6 Qxd6 19.Rxd6 Nxf3+ 20.Kg2 Nd4 21.Rxb6 Bc6
22.Be3 Rfc8 23.f3 a5 24.Nb5 Bxb5 25.cxb5 Rcb8 26.Rxb8+ Rxb8 27.Bxd4 Bxd4
28.a4 Rd8 29.Bd3 Be5 30.Rd1 Kf8 31.h3 Ke7 32.Kf2 Bd4+ 33.Ke2 Rc8 34.Rb1 Bc5
35.Rc1 Rc7 36.f4 f6 37.f5 e5 38.Bc4 g5 39.Rd1 Bd4 40.Kf3 h5 41.Rd2 Kd6 42.Rc2  1/2-1/2

[Event "EYCC Boys U12"]
[Site "Batumi GEO"]
[Date "2010.09.27"]
[Round "8"]
[White "Kuzmin,E"]
[Black "Ali Marandi,C"]
[Result "0-1"]
[WhiteElo "2067"]
[BlackElo "2180"]

1.e4 c5 2.Nf3 e6 3.d4 cxd4 4.Nxd4 a6 5.Bd3 Nf6 6.O-O d6 7.c4 Be7 8.Nc3 Qc7
9.Qe2 Nbd7 10.Bd2 b6 11.Rae1 O-O 12.b3 Bb7 13.Kh1 Rfe8 14.f4 Rad8 15.f5 Bf8
16.fxe6 fxe6 17.Bg5 Kh8 18.Qe3 Ne5 19.Be2 Bc8 20.Rxf6 gxf6 21.Bxf6+ Bg7 22.Bxd8 Qxd8
23.Rf1 Rf8 24.Rxf8+ Qxf8 25.Nd1 Bh6 26.Qg3 Qf6 27.Nf3 Bf4 28.Qf2 Nd7 29.g3 Bh6
30.Ne1 Bb7 31.Bf3 Nc5 32.Qe2 Nxe4 33.Kg2 d5 34.Qb2 Bg7 35.Bxe4 Qxb2+ 36.Nxb2 dxe4
37.Nd1 Kg8 38.Ne3 Kf7 39.N1c2 Ke7 40.Kf2 Kd6 41.b4 Bc6 42.h4 Ba4 43.Ke2 Be5
44.g4 Bg7 45.Kd2 Ke5 46.Ne1 Kd4 47.N1g2 Bf8 48.a3 a5 49.Nf4 Ke5 50.Nh5 axb4
51.axb4 Bxb4+ 52.Ke2 Be8 53.Ng3 Kf4 54.Kf2 Be1+ 55.Kxe1 Kxe3 56.g5 Bf7 57.Nf1+ Kf4
58.Nd2 e5 59.Ke2 e3 60.Nb1 Bxc4+ 61.Ke1 b5 62.Na3 Bd3  0-1

[Event "Highlands Open"]
[Site "Zdar nad Sazavou CZE"]
[Date "2010.10.01"]
[Round "8"]
[White "Kratochvil,Jo"]
[Black "Snorek,M"]
[Result "1-0"]
[WhiteElo "2234"]
[BlackElo "2143"]

1.e4 c5 2.Nf3 e6 3.d4 cxd4 4.Nxd4 a6 5.Bd3 Qc7 6.O-O Nf6 7.Qe2 d6 8.Nc3 Nbd7
9.Bd2 b6 10.Rae1 Bb7 11.Kh1 Be7 12.f4 h5 13.Rf3 b5 14.Rh3 Ng4 15.Rf1 Qb6
16.Nb3 Nc5 17.Nxc5 dxc5 18.e5 b4 19.Ne4 Rd8 20.Nf2 Nxf2+ 21.Rxf2 h4 22.f5 exf5
23.Bxf5 c4 24.e6 f6 25.Qg4 Rd6 26.Be1 g5 27.Qxc4 Rd4 28.Qe2 a5 29.c3 Rd5
30.Bd2 Qd6 31.Rd3 Rxd3 32.Bg6+ Kf8 33.Qxd3 Qxd3 34.Bxd3 h3 35.Bf1 Kg7 36.Bxg5 bxc3
37.bxc3 Rd8 38.Kg1 hxg2 39.Bxg2 Rd1+ 40.Bf1 Kg6 41.Be3 f5 42.Rd2 Ra1 43.Rd7 Ba6  1-0

[Event "Tatry Open"]
[Site "Tatranske Zruby CZE"]
[Date "2010.10.04"]
[Round "4"]
[White "Vojtek,V"]
[Black "Koval,A"]
[Result "1-0"]
[WhiteElo "2296"]
[BlackElo "2156"]

1.e4 c5 2.Nf3 e6 3.d4 cxd4 4.Nxd4 a6 5.Bd3 Qc7 6.Qe2 d6 7.b3 Nf6 8.Bb2 Be7
9.Nd2 Nbd7 10.f4 Nc5 11.O-O Nxd3 12.cxd3 O-O 13.Rac1 Qd8 14.Rf3 g6 15.Rg3 Ne8
16.N2f3 Bf6 17.e5 Be7 18.Nc2 Ng7 19.Nd2 d5 20.Ne3 Bd7 21.Rf3 f5 22.exf6 Bxf6
23.Bxf6 Qxf6 24.Ng4 Qd4+ 25.Qf2 Qxf2+ 26.Rxf2 Rac8 27.Rxc8 Bxc8 28.Ne5 b5
29.g3 Bb7 30.Ndf3 Rc8 31.Nd4 Kf8 32.Rc2 Rxc2 33.Nxc2 Ke7 34.Kf2 Nf5 35.g4 Nd6
36.b4 Kf6 37.h4 Nf7 38.g5+ Ke7 39.Nxf7 Kxf7 40.Ke3  1-0

[Event "Karen Asrian Memorial"]
[Site "Jermuk ARM"]
[Date "2010.10.05"]
[Round "1"]
[White "Hayrapetian,A"]
[Black "Galstyan,H"]
[Result "1-0"]
[WhiteElo "2362"]
[BlackElo "2121"]

1.e4 c5 2.Nf3 e6 3.d4 cxd4 4.Nxd4 a6 5.Bd3 b5 6.O-O Qb6 7.Be3 Bc5 8.c3 Nc6
9.a4 Nxd4 10.b4 Ne2+ 11.Qxe2 Bxe3 12.fxe3 bxa4 13.Nd2 d5 14.Qf3 Nh6 15.exd5 exd5
16.Qxd5 Qxe3+ 17.Kh1 O-O 18.Qe4 Qxe4 19.Nxe4 Bd7 20.Nc5 Bb5 21.c4 Bc6 22.Nxa4 Ng4
23.Nc5 Ne3 24.Rf2 Rfe8 25.h3 Reb8 26.Rxa6 Rxa6 27.Nxa6 Ra8 28.b5 Bb7 29.Nc5 Nxg2  1-0

[Event "Continental Class Ch"]
[Site "Arlington USA"]
[Date "2010.10.09"]
[Round "5"]
[White "Ostrovskiy,Al"]
[Black "Wang,K"]
[Result "1-0"]
[WhiteElo "2243"]
[BlackElo "2152"]

1.e4 c5 2.Nf3 e6 3.d4 cxd4 4.Nxd4 a6 5.Bd3 Nf6 6.Qe2 d6 7.O-O g6 8.c4 Bg7
9.Nc3 O-O 10.Rd1 Qc7 11.Nf3 Nbd7 12.Bc2 Ng4 13.Bf4 Nge5 14.Nxe5 Nxe5 15.Bb3 b6
16.Rac1 Bb7 17.f3 Rac8 18.Qf2 Ba8 19.Na4 Rb8 20.Be3 Nd7 21.Qd2 Nc5 22.Qxd6 Qxd6
23.Rxd6 Nxa4 24.Bxa4 b5 25.Bb3 Bxb2 26.Rc2 bxc4 27.Bxc4 Be5 28.Rxa6 Rb1+
29.Bf1 Rd8 30.g3 Bb7 31.Rb6 Rdd1 32.Rxb1 Rxb1 33.Kf2 Kg7 34.a4 Ra1 35.Bb5 f5
36.Rd2 Bc8 37.f4 Bb8 38.Bd4+  1-0

[Event "TCh-HUN 2010-11"]
[Site "Budapest HUN"]
[Date "2010.10.10"]
[Round "1"]
[White "Ruck,T"]
[Black "Horvath,Ju"]
[Result "1/2-1/2"]
[WhiteElo "2298"]
[BlackElo "2244"]

1.e4 c5 2.Nf3 e6 3.d4 cxd4 4.Nxd4 a6 5.Bd3 Nc6 6.Nxc6 dxc6 7.Nd2 e5 8.Qh5 Bd6
9.Nc4 Nf6 10.Qh4 b5 11.Nxd6+ Qxd6 12.a4 O-O 13.O-O Bb7 14.Bg5 c5 15.axb5 axb5
16.Bxb5 Rxa1 17.Rxa1 Qd4 18.c3 Qxe4 19.Qxe4 Bxe4 20.Re1 Rb8 21.c4 Ra8 22.f3 Bd3
23.Re3 Ra1+ 24.Kf2 Rf1+ 25.Kg3 Nh5+ 26.Kh4 Bg6 27.Re2 h6 28.Be3 f5 29.Bxc5 Bf7
30.Be3 f4 31.Bb6 Rh1 32.Rxe5 Rxh2+ 33.Kg4 Rxg2+ 34.Kh3 Rxb2 35.Bd8 Ng3 36.Bc6 Rd2
37.Bh4 Nf1 38.Kg4 g5 39.Bxg5 Rg2+ 40.Kxf4 hxg5+ 41.Rxg5+  1/2-1/2

[Event "Karen Asrian Memorial"]
[Site "Jermuk ARM"]
[Date "2010.10.13"]
[Round "9"]
[White "Paikidze,N"]
[Black "Vardanian,HaiG"]
[Result "0-1"]
[WhiteElo "2376"]
[BlackElo "2320"]

1.e4 c5 2.Nf3 e6 3.d4 cxd4 4.Nxd4 a6 5.Bd3 Qc7 6.Qe2 Bc5 7.Nb3 Be7 8.c4 Nc6
9.Nc3 Ne5 10.O-O Nf6 11.Bf4 d6 12.Rad1 Bd7 13.c5 dxc5 14.Nd5 exd5 15.exd5 Bd6
16.Bxe5 Bxe5 17.d6 Qxd6 18.Rfe1 O-O-O 19.Nxc5 Bxh2+ 20.Kh1 Rhe8 21.Be4 Nxe4
22.Rxd6 Nxc5 23.Rxd7 Rxe2 24.Rxd8+ Kxd8 25.Rxe2 Bd6 26.g3 Kd7 27.Kg2 f5 28.f4 h5
29.Kf3 Ne4 30.Rh2 g6 31.Rc2 Bc5  0-1

[Event "WY Boys-U14"]
[Site "Porto Carras GRE"]
[Date "2010.10.21"]
[Round "2.9"]
[White "Shetty,A"]
[Black "Amstadt,A"]
[Result "1-0"]
[WhiteElo "2092"]
[BlackElo "2262"]

1.e4 c5 2.Nf3 e6 3.d4 cxd4 4.Nxd4 a6 5.Bd3 Nf6 6.O-O d6 7.f4 Qc7 8.Kh1 Be7
9.Qe2 Nbd7 10.b3 b6 11.Bb2 Bb7 12.Nd2 Nc5 13.Rae1 Nxd3 14.cxd3 h5 15.Rc1 Qd8
16.Nc6 Bxc6 17.Rxc6 Rc8 18.Rfc1 Rxc6 19.Rxc6 Kd7 20.Rc1 b5 21.a4 Qb8 22.d4 Qb7
23.axb5 axb5 24.e5 Nd5 25.Ne4 Rh6 26.exd6 Bxd6 27.Nxd6 Kxd6 28.Qe5+ Ke7 29.f5 Rf6
30.fxe6 fxe6 31.Qxh5 Nf4 32.Qg5 Ke8 33.d5 Rf5 34.Qxg7 Qxg7 35.Bxg7 exd5 36.Rf1 Kf7
37.Bh6  1-0

[Event "WY Girls-U10"]
[Site "Porto Carras GRE"]
[Date "2010.10.23"]
[Round "4.1"]
[White "Kazarian,Anna Maja"]
[Black "Bauyrzhan,Arnash"]
[Result "1/2-1/2"]
[WhiteElo "1658"]
[BlackElo "1899"]

1.e4 c5 2.Nf3 e6 3.d4 cxd4 4.Nxd4 a6 5.Bd3 Nf6 6.O-O d6 7.Kh1 Be7 8.f4 Nbd7
9.Qf3 Qc7 10.c3 Nc5 11.Bc2 O-O 12.b4 Ncd7 13.a4 Re8 14.Nd2 Nf8 15.f5 e5 16.Ne2 b6
17.Ba3 Bb7 18.Bb3 Rac8 19.c4 N8d7 20.Rac1 Qb8 21.Nc3 Bf8 22.Rfd1 h6 23.Nd5 Nxd5
24.cxd5 b5 25.a5 Qa7 26.Bb2 Be7 27.Qe2 Bg5 28.Rc3 Rxc3 29.Bxc3 Rc8 30.Bb2 Qe3
31.Qxe3 Bxe3 32.Nf1 Bg5 33.g3 h5 34.h4 Bh6 35.Kg2 Nf6 36.Kf3 g6 37.Ne3 Bxe3
38.Kxe3 Kg7 39.Rc1 Rxc1 40.Bxc1 Ng4+ 41.Kf3 gxf5 42.exf5 Nf6 43.Bg5 Bxd5+
44.Bxd5 Nxd5 45.Ke4 Nf6+ 46.Kf3 d5 47.Kg2 Ng4 48.Kf3 f6 49.Bc1 Kf7 50.Bd2 Ke7
51.Bc1 Kd6 52.Bd2 e4+ 53.Kf4 Ne5 54.Bc3 Nd3+ 55.Ke3 Ne5 56.Kf4 Ng4 57.Bd4 Kc6
58.Bc5 Ne5 59.Be7  1/2-1/2

[Event "WY Boys-U14"]
[Site "Porto Carras GRE"]
[Date "2010.10.26"]
[Round "7.18"]
[White "Giroyan,G"]
[Black "Carow,J"]
[Result "1-0"]
[WhiteElo "2244"]
[BlackElo "2079"]

1.e4 c5 2.Nf3 e6 3.d4 cxd4 4.Nxd4 a6 5.Bd3 Bc5 6.Nb3 Be7 7.Be3 Nf6 8.N1d2 d6
9.f4 b6 10.Qf3 Bb7 11.O-O-O Nbd7 12.g4 Nc5 13.g5 Nfd7 14.Kb1 Qc7 15.h4 O-O-O
16.Bd4 f6 17.Qh3 e5 18.Bxc5 bxc5 19.fxe5 fxe5 20.Rhf1 Kb8 21.Rf7 Nf8 22.Rxg7 Bc8
23.Qf1 Ne6 24.Rf7 Ka7 25.Na5 Rde8 26.Ndb3 Nf4 27.Bc4 h6 28.Bd5 Bd7 29.Bc4 Bc8
30.Qg1 hxg5 31.hxg5 Rh4 32.g6 Rg4 33.g7 Kb6 34.Qe1 Ne6 35.Bd5 Nxg7 36.Nc6  1-0

[Event "WY Girls-U10"]
[Site "Porto Carras GRE"]
[Date "2010.10.28"]
[Round "9.1"]
[White "Kazarian,Anna Maja"]
[Black "Nominerdene,Davaademberel"]
[Result "1/2-1/2"]
[WhiteElo "1658"]
[BlackElo "1755"]

1.e4 c5 2.Nf3 e6 3.d4 cxd4 4.Nxd4 a6 5.Bd3 Nf6 6.O-O d6 7.Kh1 Qc7 8.f4 b5
9.Be3 Bb7 10.Nd2 Nbd7 11.Qe2 Nc5 12.Bf2 Be7 13.Rac1 O-O 14.b4 Nxd3 15.cxd3 Qd7
16.N2b3 Rac8 17.Na5 Ba8 18.Qd2 Rfe8 19.h3 Bf8 20.Rxc8 Rxc8 21.Rc1 e5 22.Rxc8 Qxc8
23.fxe5 dxe5 24.Nf3 Bd6 25.Bg3 Qc7 26.a3 Nd7 27.Nb3 Bb7 28.Qc1 Qxc1+ 29.Nxc1 f6
30.Kg1 Kf7 31.Bf2 Ke6 32.g4 g6 33.Nh4 Be7 34.Nb3 Ba8 35.Kf1 Bf8 36.Be3 Be7
37.Ke2 Kf7 38.Bf2 Bf8 39.Be3 Be7 40.Bf2 Ke8 41.Kd2 Kd8 42.Kc2 Kc7 43.Kb1 Kd8
44.Kc2 Ke8 45.Kd2 Kf7 46.Ke2 Kg7 47.Kf3 Bb7 48.Na5 Ba8 49.Nb3 Bd6 50.Ke2 Bb7
51.Na5 Ba8 52.Nb3 Bf8 53.Be3 Be7 54.Bf2 Kf7 55.Kd2 Kg7 56.Ke2 Kf8 57.Kd2 Ke8
58.Kc3 Bd6 59.Be3 Be7 60.Bf2 Kd8 61.Kc2 Ke8 62.Kd2 Kf7 63.Ke2 Kf8 64.Kd2 Kg7
65.Ke2 Kf7 66.Kd2 Kg7 67.Ke2 Bf8 68.Be3 Be7 69.Bf2 Bd8 70.Nc5 Nxc5 71.bxc5 Kf7
72.Ng2 Ba5 73.Be1 Bd8 74.Bf2 Ke6 75.Ne3 Bc6 76.Nc2 a5 77.Kf3 Be7 78.d4 exd4
79.Nxd4+ Kd7 80.Nb3 Bd8 81.Bd4 Ke6 82.Bc3 a4 83.Nd4+ Kd7 84.Ke3 Be7 85.Bb4 Bd8
86.Bc3 Be7 87.Bb4 Kc7 88.Ba5+ Kd7 89.Bb4 Bf8 90.Kd3 Bh6 91.Bc3 Bc1 92.Nc2 Ke7
93.Nd4 Kd7 94.Nc2 Bg5 95.Nb4 Bc1 96.Nc2 Ke6 97.Nd4+ Kd7 98.Nc2 Bg5 99.Nb4 Bh4
100.Nd5 Ke6 101.Nc7+ Kf7 102.Bd4 Bg5 103.Bc3 Bc1 104.Bb4 Ke7 105.Nd5+ Ke6
106.Nc7+ Kd7 107.Nd5 Bb2 108.Bc3 Bxa3 109.Nxf6+ Ke7 110.Nxh7 Bxc5 111.Nf6 b4
112.Ba1 Bb5+ 113.Kd2 Bc4 114.Nd5+ Bxd5 115.exd5 Kd6 116.h4 Kxd5 117.Kd3 Be7
118.h5 gxh5 119.gxh5 Bf8 120.Bd4 Bh6 121.Bh8 Kc5 122.Bf6 Kd5 123.Bh8 Bf8
124.Bf6 Bh6 125.Bh8 Kc5 126.Bf6 a3 127.Kc2 Kc4 128.Be5 b3+ 129.Kb1 Kd5 130.Bh8 Kc4
131.Bf6 Kd5 132.Bh8 Kc5 133.Bf6 Kc4 134.Be5 Kd5 135.Bh8 Kc4 136.Bf6 Kc5 137.Be7+ Kd5
138.Bxa3 Ke4 139.Kb2 Kf5 140.Kxb3 Kg5  1/2-1/2